Başkanından, işçisine herkes Mamak için çalışır... (Record no. 7999)

MARC details
000 -BAŞLIK
Sabit Uzunlukta Kontrol Alanı 00693na a2200217 4500
001 - KONTROL NUMARASI
Denetim Alanı 19298
003 - KONTROL NUMARASI IDENTIFIER
Denetim Alanı MIRAKIL
005 - SON İŞLEM TARİHİ VE ZAMANI
Denetim Alanı 20181213155156.0
008 - SABİT-BOY VERİ ELEMANLARI - GENEL BİLGİLER
Sabit Uzunlukta Kontrol Alanı 161213b tu 000 0
035 ## - SİSTEM KONTROL NUMARASI
Sistem Kontrol Numarası 19298
040 ## - KATALOGLAMA KAYNAK
Orijinal Kataloglama Ajansı Milas
Kataloglama Dili tur
Metne Dönüştürmek Ajansı TR-AnCHP
041 ## - DİL KODU
Metin / Ses Parça Veya Ayrı Başlığın Dil Kodu tur
082 ## - DEWEY ONLU SINIFLANDIRMA NUMARASI
Sınıflandırma Numarası 352.0072
Ürün Numarası B27 [t.y.]
090 ## - SINIFLAMA NUMARASI
Sınıflama Numarası 352.0072 B27 [t.y.]
245 ## - BAŞLIK TABLOSU
Başlık Başkanından, işçisine herkes Mamak için çalışır...
Sorumluluk Tablosu, Vb Mamak Belediye Başkanlığı
260 ## - YAYIN, DAĞITIM, VB
Yayın, Dağıtım, Vb Yeri Ankara
Yayıncı, Dağıtıcı, Vs Adı Mamak Belediye Başkanlığı
Yayın, Dağıtım, Vb Tarihi [t.y.]
300 ## - FİZİKSEL TANIM
Kapsam 20 s.
Diğer Fiziksel Ayrıntıları res.
Boyutlar 18 sm.
500 ## - GENEL NOT
Genel Not Dış kapakta eser adı: Yeni bir kent doğuyor!...
650 ## - KONU KATMA GİRİŞ - TOPİKAL DÖNEM
Topikal Süreli Veya Coğrafi Ad Giriş Elemanı Yerel yönetimler
Genel Alt Bölümü Kent belediyeleri
Coğrafi Alt Bölümü Mamak (Ankara)
942 ## - EKLENDİ GİRİŞ ELEMANLARI (KOHA)
Sınıflandırma Veya Raf Düzeni Kaynak Dewey Decimal Classification
Koha Öğesi Türü Books
999 ## - SİSTEM KONTROL NUMARALARI (KOHA)
Koha Biblionumber 7999
Koha Biblioitemnumber 7999
Holdings
Kalıcı Konum Mevcut Konum Edinme Tarihi Edinim Kaynak Toplam Check-Out'Lar Tam Çağrı Numarası Barkod Tarih Son Görülme İtibaren Geçerli Fiyatlar Koha Öğesi Türü
CHP Kütüphanesi CHP Kütüphanesi 12/13/2016 Bağış   352.0072 B27 [t.y.] 010254 12/13/2016 12/13/2016 Books